000 00735cam a22002533a 4500
001 18990
003 PGUSA
005 20140828083413.0
008 060805s2006||||xxu|||||s|||||000 1 eng d
040 _aPGUSA
_beng
042 _adc
050 4 _aPZ
100 1 _aMontgomery, Frances Trego,
_d1858-1925
245 1 0 _aBilly Whiskers' Adventures
_h[electronic resource] /
_cFrances Trego Montgomery
260 _bProject Gutenberg,
_c2006
506 _aPublic domain in the USA.
516 _aElectronic text
653 _aGoats -- Juvenile fiction
653 _aAnimals -- Juvenile fiction
700 1 _aHawthorne, Paul
830 0 _aProject Gutenberg
_v18990
856 4 0 _uhttp://www.gutenberg.org/ebooks/18990
942 _cEB
999 _c248245
_d248245